000 00667nam a2200205 a 4500
001 BRCA_581
005 20190320203055.0
008 880122s1988 us-a---##b---#000-0#eng-#
020 _a0894670484
040 _aDLC
_cDLC
_dDLC
050 4 _aNK4654
_b.M38 1988
100 1 _aMatheson, Susan B.
_92001
245 1 0 _aGreek Vases
_bA Guide to The Yale Collection
_cSusan B. Matheson.
260 _aEstados Unidos
_bYale University Art Gallery
_cc1988
300 _a42 p.
_bil. (algunas a color)
_c24 cm.
504 _aBibliografía: p. [41]
610 2 4 _aYale University
_bGalería de Arte
_vCatálogos
_92002
650 1 4 _aFloreros griegos
_vCatálogos
_92003
942 _2lcc
_cB
999 _c510
_d510